| 000 | 00397nam a22001577a 4500 | ||
|---|---|---|---|
| 005 | 20200529105943.0 | ||
| 008 | 200529b xxu||||| |||| 00| 0 eng d | ||
| 041 | _aeng | ||
| 082 | _a340 | ||
| 100 |
_aBARE ACT _95744 |
||
| 245 | _aTHE INDICENT REPRESENTATION OF WOMEN ACT, 1986 (60-1986) | ||
| 260 |
_aDELHI _bPROFESSIONAL BOOK PUBLISHERS |
||
| 300 | _a12;p | ||
| 650 |
_aLAW _95701 |
||
| 942 | _cBK | ||
| 999 |
_c6604 _d6602 |
||